HAMSTER REVOLUTION HOW TO MANAGE YOUR EM (Record no. 21254)

MARC details
000 -LEADER
fixed length control field 00351nam a2200133Ia 4500
008 - FIXED-LENGTH DATA ELEMENTS--GENERAL INFORMATION
fixed length control field 240624s9999 xx 000 0 und d
041 ## - LANGUAGE CODE
Language code of text/sound track or separate title eng
082 ## - DEWEY DECIMAL CLASSIFICATION NUMBER
Classification number 651.7 SON
100 ## - MAIN ENTRY--PERSONAL NAME
Personal name BLANCHARD KEN
245 ## - TITLE STATEMENT
Title HAMSTER REVOLUTION HOW TO MANAGE YOUR EM
260 ## - PUBLICATION, DISTRIBUTION, ETC.
Date of publication, distribution, etc. 2008
Place of publication, distribution, etc. San Francisco
Name of publisher, distributor, etc. Berrett-Koehler Publishers
300 ## - PHYSICAL DESCRIPTION
Extent 129 : p.
365 ## - TRADE PRICE
Currency code
Price amount 25
Holdings
Withdrawn status Lost status Damaged status Not for loan Home library Current library Shelving location Date acquired Source of acquisition Cost, normal purchase price Total Checkouts Full call number Barcode Date last seen Copy number Price effective from Koha item type
        IMTN IMTN Rack 17-B 05/22/2013 IBH 15.95   651.7 SON 21254 06/24/2024 57.3 06/24/2024 Books
Designed & Maintained by: LRC IMT Nagpur Contact: lrc@imtnag.ac.in© 2024. All Rights Reserved.